Villes d'Europe sur une carte par lettre - T - Statistiques

Statistiques générales
  • Ce quiz a été pris 177 fois
  • Le résultat moyen est 6 sur 10
Réponses sur la Carte
Les réponses sont colorées sur une échelle allant du rouge au vert en fonction du pourcentage des utilisateurs qui les ont devinées à leur premier essai. Vous pouvez retrouver ces pourcentages ci-dessous.
 
Statistiques - réponses
Ville en T % Correct
Tours
96%
Turin
96%
Toulon
87%
Tirana
83%
Tallinn
82%
Thessalonique
69%
Trondheim
41%
Trèves
23%
Tarente
18%
Torremolinos
6%
Aucun quiz correspondant
Distribution des résultats
% des personnes avec chaque résultat
Percentile par nombre de réponses
Votre historique - résultats
Vous n’avez pas pris ce quiz